Eastern Utah Libraries Catalog: Duchesne, Heber, Roosevelt, & Vernal

The girl on the train / (Record no. 192944)

MARC details
000 -LEADER
fixed length control field 01887cim a2200493 i 4500
001 - CONTROL NUMBER
control field BK0015116735
005 - DATE AND TIME OF LATEST TRANSACTION
control field 20241220161735.0
007 - PHYSICAL DESCRIPTION FIXED FIELD--GENERAL INFORMATION
fixed length control field sd fungnnmmned
008 - FIXED-LENGTH DATA ELEMENTS--GENERAL INFORMATION
fixed length control field 150106s2015 nyunnnn f n eng d
010 ## - LIBRARY OF CONGRESS CONTROL NUMBER
LC control number bl2015000600
020 ## - INTERNATIONAL STANDARD BOOK NUMBER
International Standard Book Number 9781611763737 : CMD
Terms of availability $40.00
020 ## - INTERNATIONAL STANDARD BOOK NUMBER
International Standard Book Number 1611763738 : CMD
Terms of availability $40.00
028 02 - PUBLISHER NUMBER
Publisher number RHA 4844
Source Penguin Audio
037 ## - SOURCE OF ACQUISITION
Source of stock number/acquisition Penguin Group USA, Attn: Order Processing 405 Murray Hill Pkwy, E Rutherford, NJ, USA, 07073-2136
Note SAN 201-3975
040 ## - CATALOGING SOURCE
Original cataloging agency NjBwBT
Language of cataloging eng
Transcribing agency NjBwBT
Description conventions rda
Modifying agency NjBwBT
050 14 - LIBRARY OF CONGRESS CALL NUMBER
Classification number PR6108.A963
Item number G57 2015c
082 04 - DEWEY DECIMAL CLASSIFICATION NUMBER
Classification number 823/.92
Edition number 23
092 ## - LOCALLY ASSIGNED DEWEY CALL NUMBER (OCLC)
Classification number 823.9200
100 1# - MAIN ENTRY--PERSONAL NAME
Personal name Hawkins, Paula,
Relator term author.
9 (RLIN) 5939606
245 14 - TITLE STATEMENT
Title The girl on the train /
Statement of responsibility, etc Paula Hawkins.
250 ## - EDITION STATEMENT
Edition statement Unabridged.
260 ## - PUBLICATION, DISTRIBUTION, ETC. (IMPRINT)
Name of publisher, distributor, etc Penguin Group USA
Date of publication, distribution, etc 2015
264 #1 - Production, Publication, Distribution, Manufacture, and Copyright Notice.
Place of production, publication, distribution, manufacture New York, NY :
Name of producer, publisher, distributor, manufacturer Penguin Audio,
Date of production, publication, distribution, manufacture, or copyr [2015]
300 ## - PHYSICAL DESCRIPTION
Extent 9 audio discs (11 hr.) ;
Dimensions 4 3/4 in.
306 ## - PLAYING TIME
Playing time 110000
336 ## - Content Type
Content type term spoken word
337 ## - Media type
Media type term audio
338 ## - Carrier type
Carrier type term audio disc
344 ## -
-- digital
-- rda
347 ## -
-- audio file
-- CD audio
-- rda
500 ## - GENERAL NOTE
General note Title from container.
511 0# - PARTICIPANT OR PERFORMER NOTE
Participant or performer note Read by Clare Corbett, Louise Brealey, and India Fisher.
520 ## - SUMMARY, ETC.
Summary, etc Obsessively watching a breakfasting couple every day to escape the pain of her losses, Rachel witnesses a shocking event that inextricably entangles her in the lives of strangers.
650 #0 - SUBJECT ADDED ENTRY--TOPICAL TERM
Topical term or geographic name as entry element Railroad travel
Form subdivision Fiction.
9 (RLIN) 5686121
650 #0 - SUBJECT ADDED ENTRY--TOPICAL TERM
Topical term or geographic name as entry element Commuters
Form subdivision Fiction.
9 (RLIN) 6425485
650 #0 - SUBJECT ADDED ENTRY--TOPICAL TERM
Topical term or geographic name as entry element Strangers
Form subdivision Fiction.
9 (RLIN) 5707876
651 #0 - SUBJECT ADDED ENTRY--GEOGRAPHIC NAME
Geographic name London (England)
Form subdivision Fiction.
9 (RLIN) 5673622
655 #7 - INDEX TERM--GENRE/FORM
Genre/form data or focus term Suspense fiction.
Source of term gsafd
655 #0 - INDEX TERM--GENRE/FORM
Genre/form data or focus term Psychological fiction.
9 (RLIN) 5673631
655 #7 - INDEX TERM--GENRE/FORM
Genre/form data or focus term Audiobooks.
Source of term lcgft
700 1# - ADDED ENTRY--PERSONAL NAME
Personal name Corbett, Clare,
Relator term narrator.
9 (RLIN) 5924768
700 1# - ADDED ENTRY--PERSONAL NAME
Personal name Brealey, Louise,
Relator term narrator.
9 (RLIN) 5958420
700 1# - ADDED ENTRY--PERSONAL NAME
Personal name Fisher, India,
Dates associated with a name 1974-
Relator term narrator.
9 (RLIN) 6241377
Holdings
Withdrawn status Lost status Source of classification or shelving scheme Materials specified (bound volume or other part) Damaged status Not for loan Collection code Home library Current library Shelving location Date acquired Source of acquisition Cost, normal purchase price Total Checkouts Total Renewals Full call number Barcode Date last seen Date checked out Cost, replacement price Price effective from Koha item type
    Dewey Decimal Classification .CIRCNOTE. 9 discs     Audiobooks Wasatch County Library Wasatch County Library Second Floor 03/04/2015   40.00 42 2 CD Haw 34301001412206 10/21/2025 10/14/2025 40.00 03/20/2020 Audiobook on CD
This project was made possible through a grant from the Institute of Museum and Library Service administered by the Utah State Library Division.

Wasatch County Library

  • 465 East 1200 South, Heber City, Utah 84032
  • Phone 435-654-1511 | Fax 435-654-6456

Hours

  • Monday - Friday 9:30 AM - 8:00 PM
  • Saturday 9:30 AM - 1:30 PM
  • Closed Sundays and Holidays